| Tag |
First Indicator |
Second Indicator |
Subfields |
| LEADER |
00000cam a2200000 4500 |
| 001 |
in00000041217 |
| 005 |
20151007072507.0 |
| 008 |
750717s1947 nyua b 00010 eng u |
| 010 |
|
|
|a agr48000004
|
| 035 |
|
|
|a (OCoLC)01454278
|
| 035 |
|
|
|9 AAE7978AM
|
| 040 |
|
|
|c JPL
|d TXA
|d UtOrBLW
|
| 049 |
|
|
|a TXAM
|c [151349]
|
| 050 |
0 |
0 |
|a S663
|b .A9
|
| 082 |
0 |
|
|a 581.194
|
| 092 |
|
|
|a 581.194
|b A954h
|
| 100 |
1 |
|
|a Avery, George Sherman,
|d 1903-
|
| 245 |
1 |
0 |
|a Hormones and horticulture ;
|b the use of special chemicals in the control of plant growth /
|c by George S. Avery, Jr. and Elizabeth Bindloss Johnson, with the collaboration of Ruth M. Addoms and Betty F. Thomson.
|
| 250 |
|
|
|a 1st ed.
|
| 264 |
|
1 |
|a New York :
|b McGraw-Hill Book Co.,
|c 1947.
|
| 300 |
|
|
|a xi, 326 pages :
|b illustrations, tables. ;
|c 24 cm.
|
| 336 |
|
|
|a text
|b txt
|2 rdacontent
|
| 337 |
|
|
|a unmediated
|b n
|2 rdamedia
|
| 338 |
|
|
|a volume
|b nc
|2 rdacarrier
|
| 490 |
1 |
|
|a McGraw-Hill publications in the botanical sciences
|
| 504 |
|
|
|a "Literature cited" at end of each chapter.
|
| 650 |
|
0 |
|a Plant hormones.
|
| 700 |
1 |
|
|a Johnson, Elizabeth Almy Bindloss,
|d 1915-
|
| 830 |
|
0 |
|a McGraw-Hill publications in the botanical sciences.
|
| 999 |
|
|
|a MARS
|
| 999 |
f |
f |
|s 3c0c2f34-59f3-3d53-80d5-5b61eb13104a
|i 7613e311-d607-3782-90b7-6ef69ab1515b
|t 0
|
| 952 |
f |
f |
|p ric
|a Texas A&M University
|b Rellis Campus
|c Joint Library Facility
|d Remote Storage
|t 0
|e S663 .A9
|h Library of Congress classification
|i unmediated -- volume
|m A14833462717
|
| 998 |
f |
f |
|a S663 .A9
|t 0
|l Remote Storage
|